1579 1640 1272 1099 1097 1427 1690 1356 1699 1802 1093 1770 1809 1275 1292 1254 1779 1238 1502 1807 1431 1880 1066 1335 1148 1721 1100 1404 1773 1387 1675 1937 1536 1505 1513 1638 1546 1065 1754 1378 1537 1143 1589 1547 1227 1427 1575 1356 1539 1148 1172 1996 1304 1330 1461 1960 1807 1635 1651 1758 1116 1781 1549 1802 1999 1139 1737 1890 1194 1098 1929 1653 1162 1131 1470 1692 1074 1277 1609 1711 1029 1779 1984 1808 1888 1833 1965 1551 1774 1940 1572 1830 1103 1269 1186 1319 1830 1983 1766 BCNSPRNW ULIB Ver.6.0+V

เปลี่ยนเป็นภาษาไทย

Change to English
 แสดงรายละเอียดบรรณานุกรม
  กลับหน้าหลัก

Brief Record : Get Marc (ISO 2709) : E-mail record : QR code < ปิดหน้าต่าง
LEADER : 00000nam 2200000uu 4500
001    13399123164
003     ULIB
008    020711s2551 th a 000 0 tha d
020    97493350284
020    9789748217284
090    นว.^bฬ111จ
100    ฬีฬา
110    ยาหยี-ยาใจ
245    เจ้าหญิงในดวงใจ/^cฬีฬา
250    พิมพ์ครั้งที่ 4
260    กรุงเทพฯ :^bยาหยี-ยาใจ,^c2551
300    143 หน้า;^b21 ซม.
945    ^p120^l0^i034420
999    ^aเกษร โพธิ์สุวรรณ
รายการนี้ยังไม่มีแท็ก
คุณยังไม่ได้ล็อกอิน คุณสามารถมีกิจกรรมร่วมกับเว็บไซต์ได้ แต่ต้องล็อกอินก่อน ::
  ล็อกอิน

รายการสื่อสารสนเทศ

ลำดับที่ ประเภท เลขเรียก/บาร์โค้ด สถานที่ สถานะ
1. นวนิยาย
นวนิยาย
นว. ฬ111จ ฉ.1 
  Barcode: 034420
ห้องสมุดวิทยาเขตสวรรค์ประชารักษ์
►นวนิยาย
บนชั้น
  ขอยืม

รายการใกล้เคียง
    ผู้แต่ง [ฬีฬา]

BibComment


ยังไม่เคยถูกคอมเมนท์

คอมเมนท์ทรัพยากรรายการนี้
  คอมเมนท์: เจ้าหญิงในดวงใจ ฬ..


 Copyright 2026. Bcnsprnw @Library